000 00299nam a22001337a 4500
008 170821b xxu||||| |||| 00| 0 eng d
020 _a0700225048
041 _aeng
080 _a51
100 _a37
101 _aMAT
245 _aAPPLICATION ORIENTEND ALGEBRA
_cFISHER.J.L
942 _2udc
_cBK
999 _c24369
_d24369